000
00279nam a2200121Ia 4500
008
190216s9999||||xx |||||||||||||| ||und||
100
_a
Sinha H C
245
0
_a
Differential Calculus
260
_b
Ramprasad & Sons
_c
1957
300
_a
357p
650
_a
Mathematics
942
_c
BK
999
_c
30493
_d
30493